[Event "FRM-chT2 Final"]
[Site "Ohrid"]
[Date "2022.07.24"]
[Round "1.5"]
[White "Petkovski, Vlatko"]
[Black "Gotovusa, Goran"]
[Result "1/2-1/2"]
[WhiteElo "2119"]
[BlackElo "2165"]
[PlyCount "35"]
[EventDate "2022.07.24"]
[EventType "team-tourn"]
[EventRounds "3"]
[EventCountry "MKD"]
[SourceTitle "EXT 2023"]
[Source "ChessBase"]
[SourceDate "2022.10.05"]
[SourceVersion "1"]
[SourceVersionDate "2022.10.05"]
[SourceQuality "1"]
[WhiteTeam "MSK Centar"]
[BlackTeam "Pelagon"]
[WhiteTeamCountry "MKD"]
[BlackTeamCountry "MKD"]

1. e4 e5 2. Nf3 Nf6 3. Nxe5 d6 4. Nf3 Nxe4 5. d4 d5 6. h3 Bd6 7. Bd3 0-0 8. c4 Bb4+ 9. Kf1 c5 10. a3 Ba5 11. cxd5 Qxd5 12. Qe2 Re8 13. Bc4 Qf5 14. Kg1 cxd4 15. Nxd4 Qf6 16. Be3 Bb6 17. Nc3 Bxd4 18. Nxe4 1/2-1/2

[Event "FRM-chT"]
[Site "Struga"]
[Date "2018.08.11"]
[Round "1.6"]
[White "Kalin, Andrei"]
[Black "Petkovski, Vlatko"]
[Result "0-1"]
[WhiteElo "1191"]
[BlackElo "2092"]
[PlyCount "64"]
[EventDate "2018.08.11"]
[EventType "team-tourn"]
[EventRounds "7"]
[EventCountry "MKD"]
[SourceTitle "CBM 186 Extra"]
[Source "ChessBase"]
[SourceDate "2018.08.24"]
[SourceVersion "1"]
[SourceVersionDate "2018.08.24"]
[SourceQuality "1"]
[WhiteTeam "Skopje MSK Centar"]
[BlackTeam "Skopje Kisela Voda"]
[WhiteTeamCountry "MKD"]
[BlackTeamCountry "MKD"]

1. e4 c5 2. c3 d6 3. d4 Nd7 4. Nf3 a6 5. a4 Qc7 6. Be3 Ngf6 7. Bd3 g6 8. h3 Bg7 9. Nbd2 b6 10. 0-0 Bb7 11. Qc2 e6 12. Rac1 0-0 13. Rfe1 Rfe8 14. Nc4 d5 15. exd5 Nxd5 16. Bd2 Nf4 17. Nce5 Nxd3 18. Qxd3 Red8 19. Bf4 Nxe5 20. Nxe5 Qe7 21. Qe3 Rd5 22. Nc4 cxd4 23. cxd4 Bxd4 24. Qb3 Qd8 25. Be3 Bxe3 26. Rxe3 b5 27. axb5 axb5 28. Ne5 Qd6 29. Nd3 Rd8 30. Nb4 Rd4 31. Nc2 Qc6 32. Rc3 Qxg2# 0-1

[Event "FRM-ch"]
[Site "Ohrid"]
[Date "2017.08.18"]
[Round "6"]
[White "Petkovski, Vlatko"]
[Black "Krstev, Emil"]
[Result "0-1"]
[WhiteElo "2140"]
[BlackElo "2008"]
[PlyCount "82"]
[EventDate "2017.08.13"]
[EventType "swiss"]
[EventRounds "9"]
[EventCountry "MKD"]
[SourceTitle "CBM 180 Extra"]
[Source "ChessBase"]
[SourceDate "2017.10.06"]
[SourceVersion "1"]
[SourceVersionDate "2017.10.06"]
[SourceQuality "1"]

1. e4 e6 2. d3 d5 3. Nd2 Nf6 4. Ngf3 c5 5. g3 Nc6 6. Bg2 Be7 7. 0-0 0-0 8. e5 Nd7 9. Re1 Qc7 10. Qe2 b5 11. a4 b4 12. Nf1 a5 13. h4 h6 14. N1h2 Re8 15. Bf4 Ba6 16. Qd2 Bf8 17. Bh3 c4 18. h5 c3 19. bxc3 bxc3 20. Qe2 Rab8 21. Reb1 Rxb1+ 22. Rxb1 Rb8 23. Ra1 Rb2 24. Bc1 Rb4 25. Ng4 Qb8 26. Kh2 Rb1 27. Rxb1 Qxb1 28. Be3 Qb4 29. Qe1 d4 30. Bf4 Qxa4 31. Qe4 Nc5 32. Qe2 Qa2 33. Ne1 Nb4 34. Bf1 a4 35. Bxh6 Bxd3 36. Nxd3 Nbxd3 37. Bg5 Nb4 38. h6 Qxc2 39. hxg7 Qxe2 40. gxf8Q+ Kxf8 41. Bxe2 d3 0-1

[Event "Skopje Alkaloid rap op"]
[Site "Skopje"]
[Date "2015.12.06"]
[Round "5"]
[White "Petkovski, Vlatko"]
[Black "Tosic, Miroslav"]
[Result "0-1"]
[WhiteElo "2140"]
[BlackElo "2408"]
[PlyCount "73"]
[EventDate "2015.12.06"]
[EventType "swiss (rapid)"]
[EventRounds "9"]
[EventCountry "MKD"]
[SourceTitle "CBM 169 Extra"]
[Source "ChessBase"]
[SourceDate "2015.12.18"]
[SourceVersion "1"]
[SourceVersionDate "2015.12.18"]
[SourceQuality "1"]

1. e4 c5 2. Nf3 e6 3. d4 cxd4 4. Nxd4 a6 5. Nc3 b5 6. f4 b4 7. Nb1 Bb7 8. Bd3 Bc5 9. Nb3 Ba7 10. Qe2 Nf6 11. N1d2 0-0 12. e5 Nd5 13. Ne4 f5 14. exf6 gxf6 15. Bd2 Qe7 16. c4 bxc3 17. Nxc3 Nxc3 18. Bxc3 Nc6 19. Be4 Rac8 20. Rd1 d5 21. Bf3 d4 22. Nxd4 Nxd4 23. Bxd4 Bxf3 24. Qxf3 Bxd4 25. Rxd4 Rc1+ 26. Rd1 Qb4+ 27. Kf2 Rc2+ 28. Kg3 Kh8 29. Kh3 Rg8 30. g3 Qf8 31. g4 Rxb2 32. Rd7 Rxa2 33. Qb7 Qh6+ 34. Kg3 Ra3+ 35. Kf2 Qxf4+ 36. Ke2 Qxg4+ 37. Ke1 0-1

[Event "Skopje Mitrov Tikata Memorial"]
[Site "Skopje"]
[Date "2015.11.08"]
[Round "2"]
[White "Pancevski, Filip"]
[Black "Petkovski, Vlatko"]
[Result "1-0"]
[WhiteElo "2497"]
[BlackElo "2140"]
[PlyCount "83"]
[EventDate "2015.11.08"]
[EventType "swiss (rapid)"]
[EventRounds "9"]
[EventCountry "MKD"]
[SourceTitle "CBM 169 Extra"]
[Source "ChessBase"]
[SourceDate "2015.12.18"]
[SourceVersion "1"]
[SourceVersionDate "2015.12.18"]
[SourceQuality "1"]

1. e4 c5 2. d3 Nc6 3. f4 d6 4. Nf3 Bg4 5. Be2 e6 6. 0-0 Nf6 7. c3 Qc7 8. Nbd2 Be7 9. h3 Bxf3 10. Nxf3 0-0 11. Qc2 a6 12. a3 Rfe8 13. Be3 b5 14. d4 Bf8 15. Rad1 Rac8 16. Bd3 h6 17. Qe2 Qb7 18. g4 d5 19. e5 Ne4 20. Bxe4 dxe4 21. Nd2 cxd4 22. cxd4 Ne7 23. Rc1 Qd5 24. Qg2 Rxc1 25. Rxc1 Nc6 26. Qxe4 Qxe4 27. Nxe4 Na5 28. Nd2 b4 29. a4 Rd8 30. Kf2 b3 31. Rc7 Bb4 32. Ne4 Rb8 33. Ke2 Ba3 34. Bc1 Bf8 35. Bd2 Nb7 36. Kd3 Nd8 37. f5 Rb6 38. f6 Nc6 39. Rc8 Nb4+ 40. Bxb4 Rxb4 41. Nc5 gxf6 42. Nd7 1-0

[Event "Skopje Karposh op"]
[Site "Skopje"]
[Date "2014.04.03"]
[Round "7"]
[White "Petkovski, Vlatko"]
[Black "Maier, Christian"]
[Result "0-1"]
[WhiteElo "2147"]
[BlackElo "2376"]
[PlyCount "88"]
[EventDate "2014.03.29"]
[EventType "swiss"]
[EventRounds "9"]
[EventCountry "MKD"]
[SourceTitle "CBM 159 Extra"]
[Source "ChessBase"]
[SourceDate "2014.04.24"]
[SourceVersion "1"]
[SourceVersionDate "2014.04.24"]
[SourceQuality "1"]

1. e4 e6 2. d4 d5 3. Nd2 c5 4. exd5 exd5 5. Ngf3 Nc6 6. Be2 Nf6 7. 0-0 cxd4 8. Nb3 Be7 9. Nbxd4 0-0 10. h3 Re8 11. c3 Ne4 12. Bf4 Bc5 13. Qd3 Bb6 14. Rad1 a6 15. Qc2 Qf6 16. Qc1 Bd7 17. Rfe1 Rac8 18. Bf1 h6 19. g3 Re7 20. Be3 Bc7 21. Bg2 Rce8 22. Nh2 Ne5 23. b3 Bc8 24. c4 Ba5 25. Rf1 Nc3 26. Rd2 dxc4 27. Rc2 Nb5 28. bxc4 Nd3 29. Qa1 Nxd4 30. Bxd4 Qg6 31. Nf3 Nf4 32. Ne5 Nxh3+ 33. Bxh3 Qxc2 34. Bxc8 Rxc8 35. Ng4 Qg6 36. Ne3 Rce8 37. Qb2 Bc7 38. Nd5 Re2 39. Qc3 Bb8 40. a4 h5 41. Qf3 R2e4 42. Rd1 h4 43. Rd3 hxg3 44. fxg3 Rxd4 0-1

[Event "Skopje Karposh op"]
[Site "Skopje"]
[Date "2014.03.30"]
[Round "3"]
[White "Petkovski, Vlatko"]
[Black "Sanal, Vahap"]
[Result "0-1"]
[WhiteElo "2147"]
[BlackElo "2390"]
[PlyCount "84"]
[EventDate "2014.03.29"]
[EventType "swiss"]
[EventRounds "9"]
[EventCountry "MKD"]
[SourceTitle "CBM 159 Extra"]
[Source "ChessBase"]
[SourceDate "2014.04.24"]
[SourceVersion "1"]
[SourceVersionDate "2014.04.24"]
[SourceQuality "1"]

1. e4 e5 2. Nf3 Nc6 3. Bb5 a6 4. Ba4 Nf6 5. 0-0 Be7 6. Re1 b5 7. Bb3 0-0 8. h3 Bb7 9. c3 d5 10. exd5 Nxd5 11. d3 Qd6 12. a4 Nf4 13. Bxf4 exf4 14. d4 Na5 15. Bc2 g6 16. axb5 axb5 17. Nbd2 Nc6 18. Qe2 Rxa1 19. Rxa1 b4 20. Bb3 Kg7 21. Re1 Bd8 22. Ne4 Qd7 23. Nc5 Qc8 24. cxb4 Bf6 25. Qc4 Ba8 26. d5 Ne7 27. Qe4 Rd8 28. Rd1 g5 29. Bc2 Ng6 30. Nd4 Re8 31. Nf5+ Kf8 32. Qf3 Re5 33. Nh6 Bg7 34. Ng4 Re7 35. Bb3 Bxb2 36. Qd3 h5 37. Nh6 Qe8 38. Rd2 Re1+ 39. Kh2 Be5 40. Qf5 f3+ 41. g3 Bxg3+ 42. Kxg3 Rg1+ 0-1

[Event "Skopje Karposh op"]
[Site "Skopje"]
[Date "2013.03.15"]
[Round "8"]
[White "Petkovski, Vlatko"]
[Black "Stanojoski, Zvonko"]
[Result "0-1"]
[WhiteElo "2158"]
[BlackElo "2413"]
[PlyCount "70"]
[EventDate "2013.03.09"]
[EventType "swiss"]
[EventRounds "9"]
[EventCountry "MKD"]
[SourceTitle "CBM 153 Extra"]
[Source "ChessBase"]
[SourceDate "2013.04.22"]
[SourceVersion "1"]
[SourceVersionDate "2013.04.22"]
[SourceQuality "1"]

1. e4 c5 2. Nf3 Nc6 3. d4 cxd4 4. Nxd4 g6 5. Nc3 Bg7 6. Be3 Nf6 7. Be2 0-0 8. 0-0 d6 9. Kh1 Bd7 10. Nb3 a6 11. f4 b5 12. Bf3 b4 13. Nd5 Rb8 14. a3 Nxd5 15. exd5 Na5 16. Nxa5 Qxa5 17. Ra2 Bf5 18. Bd2 Rfc8 19. b3 Qc7 20. axb4 Bxc2 21. Qe1 Bxb3 22. Rxa6 Bc4 23. Rc6 Qa7 24. Be3 Qb7 25. Rf2 Bxd5 26. Bxd5 Rxc6 27. Rc2 Rxc2 28. Bxb7 Rxb7 29. h4 Ra2 30. Kh2 Ra1 31. Qd2 Rb1 32. h5 R1xb4 33. hxg6 hxg6 34. Qe2 Bf6 35. f5 Be5+ 0-1

[Event "Skopje Karposh op"]
[Site "Skopje"]
[Date "2013.03.13"]
[Round "6"]
[White "Petkovski, Vlatko"]
[Black "Vujic, Mihailo"]
[Result "0-1"]
[WhiteElo "2158"]
[BlackElo "2361"]
[PlyCount "76"]
[EventDate "2013.03.09"]
[EventType "swiss"]
[EventRounds "9"]
[EventCountry "MKD"]
[SourceTitle "CBM 153 Extra"]
[Source "ChessBase"]
[SourceDate "2013.04.22"]
[SourceVersion "1"]
[SourceVersionDate "2013.04.22"]
[SourceQuality "1"]

1. e4 e5 2. Nf3 Nc6 3. Bc4 Nf6 4. d3 Be7 5. c3 0-0 6. 0-0 d6 7. h3 Kh8 8. Re1 Ng8 9. d4 f5 10. exf5 d5 11. Bf1 e4 12. Nh2 Bxf5 13. Be3 Bd6 14. Qh5 Bg6 15. Qe2 Nge7 16. Ng4 Nf5 17. Bd2 Nh4 18. Na3 a6 19. Nc2 h5 20. Nh2 Qf6 21. Be3 Nf5 22. Bd2 Rae8 23. Rac1 Re7 24. b4 Ref7 25. Red1 Nh4 26. Be3 Ne7 27. Qd2 Nhf5 28. Bg5 Qe6 29. Re1 Qd7 30. Rcd1 c6 31. Qe2 Qc7 32. g3 h4 33. Qg4 hxg3 34. fxg3 Bxg3 35. Re2 Nh6 36. Bxh6 gxh6 37. Rg2 Bxh2+ 38. Rxh2 Rxf1+ 0-1

[Event "Skopje Karposh op"]
[Site "Skopje"]
[Date "2013.03.10"]
[Round "2"]
[White "Petkovski, Vlatko"]
[Black "Tairi, Krenar"]
[Result "0-1"]
[WhiteElo "2158"]
[BlackElo "1835"]
[PlyCount "104"]
[EventDate "2013.03.09"]
[EventType "swiss"]
[EventRounds "9"]
[EventCountry "MKD"]
[SourceTitle "CBM 153 Extra"]
[Source "ChessBase"]
[SourceDate "2013.04.22"]
[SourceVersion "1"]
[SourceVersionDate "2013.04.22"]
[SourceQuality "1"]

1. c4 c5 2. Nc3 Nf6 3. g3 d5 4. cxd5 Nxd5 5. Bg2 Nc7 6. Nf3 Nc6 7. d3 e5 8. Qa4 Bd7 9. Be3 Nd4 10. Qd1 Bc6 11. Bxd4 cxd4 12. Ne4 Bxe4 13. dxe4 Bb4+ 14. Kf1 Qe7 15. Qa4+ b5 16. Qb3 a5 17. Rc1 a4 18. Qc2 Bd6 19. Bh3 0-0 20. Kg2 a3 21. b3 Ra7 22. Qd3 Bb4 23. e3 Rd8 24. exd4 exd4 25. Rhd1 Bc5 26. Rc2 Bb6 27. Rdc1 Ba5 28. Rd1 Bb6 29. Rc6 Rb7 30. Rdc1 Ba7 31. b4 Bb6 32. Nd2 Qxb4 33. Rxb6 Rxb6 34. Rxc7 Qd6 35. Ra7 Ra6 36. Rb7 Rb6 37. Rxb6 Qxb6 38. Qxa3 d3 39. Bg4 b4 40. Qb3 Qd4 41. a3 Rb8 42. axb4 Rxb4 43. Qa3 g6 44. Qc1 Rb2 45. Qc4 Qd8 46. Qc3 Rc2 47. Qb4 Qg5 48. Qb8+ Kg7 49. Qf4 Qxf4 50. gxf4 Rxd2 51. h4 h5 52. Bf3 Rc2 0-1

[Event "FRM-ch op"]
[Site "Struga"]
[Date "2012.08.07"]
[Round "4"]
[White "Nikolovski, Nikola"]
[Black "Petkovski, Vlatko"]
[Result "0-1"]
[WhiteElo "1917"]
[BlackElo "2153"]
[PlyCount "94"]
[EventDate "2012.08.04"]
[EventType "swiss"]
[EventRounds "9"]
[EventCountry "MKD"]
[SourceTitle "CBM 149 Extra"]
[Source "ChessBase"]
[SourceDate "2012.08.24"]
[SourceVersion "1"]
[SourceVersionDate "2012.08.24"]
[SourceQuality "1"]

1. e4 c5 2. Nc3 Nc6 3. f4 a6 4. Nf3 d6 5. d3 Bg4 6. g3 Nd4 7. Bg2 e6 8. 0-0 Ne7 9. Ne2 Nxe2+ 10. Qxe2 Nc6 11. Qf2 Bxf3 12. Bxf3 e5 13. Bd2 Be7 14. Rae1 0-0 15. f5 Bg5 16. c3 b5 17. Bd1 Bxd2 18. Qxd2 Qf6 19. Bb3 h6 20. h4 Rad8 21. Bd5 Ne7 22. c4 Rb8 23. b3 Rb6 24. Qd1 Nxd5 25. cxd5 a5 26. Qh5 Kh7 27. Re2 a4 28. Ref2 axb3 29. axb3 Ra6 30. g4 g6 31. fxg6+ fxg6 32. Rxf6 Rxf6 33. Qxh6+ Kxh6 34. Rxf6 Kg7 35. g5 Ra3 36. Rxd6 Rxb3 37. Rc6 Rxd3 38. h5 gxh5 39. d6 c4 40. Kh2 Kg6 41. Rc5 Rxd6 42. Rxe5 b4 43. Rc5 c3 44. Kg3 Rb6 45. e5 Kxg5 46. e6+ Kf6 47. Rxh5 Rxe6 0-1

[Event "Skopje Karposh op"]
[Site "Skopje"]
[Date "2012.04.11"]
[Round "6"]
[White "Petkovski, Vlatko"]
[Black "Nikolovski, Nikola"]
[Result "0-1"]
[WhiteElo "2160"]
[BlackElo "1887"]
[PlyCount "50"]
[EventDate "2012.04.07"]
[EventType "swiss"]
[EventRounds "9"]
[EventCountry "MKD"]
[SourceTitle "CBM 147 Extra"]
[Source "ChessBase"]
[SourceDate "2012.04.24"]
[SourceVersion "1"]
[SourceVersionDate "2012.04.24"]
[SourceQuality "1"]

1. e4 d5 2. exd5 Nf6 3. d4 Nxd5 4. c4 Nb6 5. Nc3 e5 6. dxe5 Qxd1+ 7. Kxd1 Nc6 8. Nb5 Bg4+ 9. Ke1 0-0-0 10. f3 Be6 11. Bg5 Rd7 12. f4 Bxc4 13. Nf3 Bb4+ 14. Kf2 Bc5+ 15. Kg3 Bxf1 16. Rhxf1 Rg8 17. Kh3 h6 18. Bh4 Nd5 19. g3 a6 20. Nc3 Nxc3 21. bxc3 Rd3 22. c4 Na5 23. Rad1 Rxd1 24. Rxd1 Nxc4 25. g4 b5 0-1

[Event "Skopje Karposh op"]
[Site "Skopje"]
[Date "2012.04.09"]
[Round "4"]
[White "Petkovski, Vlatko"]
[Black "Erturan, Yakup"]
[Result "0-1"]
[WhiteElo "2160"]
[BlackElo "2370"]
[PlyCount "36"]
[EventDate "2012.04.07"]
[EventType "swiss"]
[EventRounds "9"]
[EventCountry "MKD"]
[SourceTitle "CBM 147 Extra"]
[Source "ChessBase"]
[SourceDate "2012.04.24"]
[SourceVersion "1"]
[SourceVersionDate "2012.04.24"]
[SourceQuality "1"]

1. e4 c5 2. Nf3 Nc6 3. d4 cxd4 4. Nxd4 g6 5. Nc3 Bg7 6. Nb3 Nf6 7. Be2 d6 8. Bg5 h6 9. Bh4 Be6 10. f4 0-0 11. 0-0 Qc8 12. Bd3 Nb4 13. Kh1 Bc4 14. Qe2 b5 15. Nd4 Qg4 16. Qxg4 Nxg4 17. Ndxb5 Bxd3 18. cxd3 Nxd3 0-1

[Event "Skopje Karposh op"]
[Site "Skopje"]
[Date "2012.04.07"]
[Round "1"]
[White "Damljanovic, Branko"]
[Black "Petkovski, Vlatko"]
[Result "1-0"]
[WhiteElo "2582"]
[BlackElo "2160"]
[PlyCount "43"]
[EventDate "2012.04.07"]
[EventType "swiss"]
[EventRounds "9"]
[EventCountry "MKD"]
[SourceTitle "CBM 147 Extra"]
[Source "ChessBase"]
[SourceDate "2012.04.24"]
[SourceVersion "1"]
[SourceVersionDate "2012.04.24"]
[SourceQuality "1"]

1. d4 Nf6 2. c4 c5 3. d5 d6 4. Nc3 g6 5. e4 Bg7 6. Nf3 0-0 7. Nd2 e6 8. Be2 Re8 9. 0-0 Na6 10. dxe6 fxe6 11. e5 dxe5 12. Nde4 Nxe4 13. Nxe4 Qc7 14. Bg5 Rf8 15. Qd6 Rf7 16. Rfd1 h6 17. Qxc7 Nxc7 18. Rd8+ Kh7 19. Be3 b6 20. Nd6 Rd7 21. Rxc8 Rxd6 22. Rxc7 1-0